NFC West Winners (1970-2001) - Statistics

General Stats
  • This quiz has been taken 55 times
  • The average score is 27 of 32
Answer Stats
Year NFC West Winner Record % Correct
2001 St. Louis Rams 14-2
100%
1997 San Francisco 49ers 13-3
97%
1999 St. Louis Rams 13-3
93%
1990 San Francisco 49ers 14-2
90%
1989 San Francisco 49ers 14-2
90%
1988 San Francisco 49ers 10-6
90%
1987 San Francisco 49ers 13-2
90%
1986 San Francisco 49ers 10-5-1
90%
1984 San Francisco 49ers 15-1
90%
1981 San Francisco 49ers 13-3
90%
1985 Los Angeles Rams 11-5
87%
1995 San Francisco 49ers 11-5
87%
1994 San Francisco 49ers 13-3
87%
1993 San Francisco 49ers 10-6
87%
1992 San Francisco 49ers 14-2
87%
1983 San Francisco 49ers 10-6
87%
1979 Los Angeles Rams 9-7
83%
1978 Los Angeles Rams 12-4
83%
1977 Los Angeles Rams 10-4
83%
1976 Los Angeles Rams 10-3-1
83%
1975 Los Angeles Rams 12-2
83%
1974 Los Angeles Rams 10-4
83%
1973 Los Angeles Rams 12-2
83%
1972 San Francisco 49ers 8-5-1
83%
1970 San Francisco 49ers 10-3-1
83%
1971 San Francisco 49ers 9-5
80%
1998 Atlanta Falcons 14-2
77%
1982 Atlanta Falcons 5-4
70%
1980 Atlanta Falcons 12-4
70%
2000 New Orleans Saints 10-6
70%
1991 New Orleans Saints 11-5
70%
1996 Carolina Panthers 12-4
53%
No matching quizzes found
Score Distribution
Percent of People with Each Score
Percentile by Number Answered
Your Score History
You have not taken this quiz